[Event "VII Sunway Sitges Open 2020"]
[Site "Sitges"]
[Date "2020.12.22"]
[Round "9.30"]
[White "Guillo Longares, Cecilia"]
[Black "Lohia, Sohum"]
[Result "1-0"]
[WhiteElo "2089"]
[BlackElo "1993"]
[Annotator "TA"]
[PlyCount "77"]
[EventDate "2020.12.13"]
[EventType "swiss"]
[EventCountry "ESP"]
[SourceTitle "playchess.com"]
[Source "ChessBase"]
[SourceQuality "1"]

{[%evp 9,76,53,56,58,69,81,73,69,78,76,72,53,86,67,76,45,60,58,90,97,113,111,234,229,237,74,59,73,60,67,62,0,33,35,42,10,100,94,149,77,567,589,710,691,697,690,747,743,715,620,597,575,1004,995,987,983,29995,29996,29996,29997,29997,29994,29998,29992,29995,29996,29996,29997,29999]} 1. d4 Nf6 2. c4 b6 3. f3 Nc6 4. Nc3 e5 5. d5 Ne7 6. g4 {A50: Queen's Fianchetto Defence (1 d4 Nf6 2 c4 b6).} Ng6 7. h4 h5 8. g5 {White is better.} Ng8 $1 9. e3 {[#]} Bc5 $146 ({Predecessor:} 9... Bb4 10. Qc2 a5 11. Bd3 Nf8 12. Bd2 d6 13. O-O-O Nd7 14. f4 Nc5 15. Nf3 Bg4 {0-1 (55) Praczukowski,S (2161)-Czopor,M (2181) Gora Sw Anny 2019}) 10. Bd3 N8e7 11. Bd2 c6 12. Be4 Bb7 13. Nge2 cxd5 14. cxd5 Nc8 15. a3 Be7 (15... Nge7 $16) 16. Qc2 $18 O-O {[#]} 17. Bxg6 $2 (17. Ng3 $1 $18 {and the rest is easy.}) 17... fxg6 $16 18. Qxg6 Qe8 19. Qxe8 Rxe8 20. f4 (20. Kf2 $14) 20... exf4 21. Nxf4 Bc5 22. Rh3 Ne7 (22... Nd6 $11) 23. O-O-O $36 {[%mdl 2048] Keeping Black busy. White stays focused until the end.} g6 ({Black should try} 23... Nf5) 24. Ne4 (24. Kb1 $142) 24... Red8 $2 {[%mdl 8192]} (24... Nxd5 $16 25. Nxd5 Rxe4 26. Nf6+ {[%mdl 64] Double Attack} Kf7) 25. b4 $18 Nxd5 26. Nxd5 Bxd5 27. Nf6+ {[%mdl 64] [#] Double Attack} Kf7 28. Nxd5 Bd6 29. Bc3 {Rf3+ is the strong threat.} Ke6 30. Rf3 {[%csl Gc3,Gd5,Gg5][%cal Rf3f6]} Be5 31. Bxe5 Kxe5 32. Ne7 Ke4 33. Rf4+ {White mates.} Kxe3 34. Nd5+ Ke2 35. Rd2+ Ke1 36. Re4+ Kf1 37. Kd1 {[%csl Gd1][%cal Re4e1]} Re8 38. Ne7 {[%csl Gd1][%cal Re4e1][%mdl 64] Discovered Attack} d5 39. Re1# {Weighted Error Value: White=0.25/Black=0.68} 1-0

[Event "VII Sunway Sitges Open 2020"]
[Site "Sitges"]
[Date "2020.12.22"]
[Round "9.31"]
[White "Sanchez Lopez, Juan Manuel"]
[Black "Shatil, Shir"]
[Result "0-1"]
[WhiteElo "2085"]
[BlackElo "1920"]
[Annotator "TA"]
[PlyCount "112"]
[EventDate "2020.12.13"]
[EventType "swiss"]
[EventCountry "ESP"]
[SourceTitle "playchess.com"]
[Source "ChessBase"]
[SourceQuality "1"]

{[%evp 9,112,4,-8,-32,-25,-27,-23,-27,-26,-39,-24,-18,-19,-40,-33,-68,-36,-43,-36,-72,-65,-71,-83,-106,-78,-112,-52,-46,-13,-22,-25,-60,-60,-60,-64,-61,-69,-66,-55,-61,-53,-89,-64,-77,-77,-79,-10,-23,0,-76,-33,-35,-33,-92,-10,-118,-109,-92,-76,-55,-51,-61,0,-63,-59,-64,-12,-57,-60,-58,-62,-64,-74,-56,-6,-8,0,-34,-13,-8,-8,-81,-79,-83,-79,-62,-67,-372,-372,-372,-364,-575,-439,-560,-533,-434,-313,-526,-521,-808,-470,-1767,-1392,-1797,-446]} 1. c4 e5 2. g3 Nf6 3. Bg2 h6 4. Nc3 Bb4 5. e3 Bxc3 6. dxc3 {A20: English Opening: 1...e5.} O-O 7. e4 d6 {[#]} 8. Ne2 $146 {Black has an edge.} ({Predecessor:} 8. Qc2 Nc6 9. Nf3 Be6 10. b3 a5 11. a4 Nd7 12. Nh4 Nc5 13. Nf5 Qd7 14. Ne3 {0-1 (59) Aumont,E (1745)-Primel,D (1990) Angers 2012}) 8... Be6 9. b3 Nbd7 10. O-O Nc5 11. f3 a5 12. a4 c6 (12... b5 $5 13. axb5 a4 14. bxa4 Bxc4 $15) 13. Be3 Qe7 14. Nc1 d5 $1 15. cxd5 cxd5 16. b4 axb4 17. cxb4 Ncd7 ({Black should play} 17... Na6 $1 $17 {Threatens to win with ...dxe4.} 18. Nd3 Rfd8 19. Nxe5 dxe4) 18. Nd3 $15 d4 19. Bd2 Bc4 20. Ra3 Nb6 21. a5 Bb5 22. Re1 Nc4 23. Ra1 Nd7 24. Bf1 Rfc8 25. Nf2 Ra6 26. Bxc4 Bxc4 27. Qa4 Nb6 (27... Rac6 $17) 28. Qd1 $1 $11 Nd7 (28... Na8 $11) 29. Qa4 $1 $17 b5 30. Qd1 Nf6 31. f4 {[#]} (31. Ra3 $15) 31... Nd7 (31... exf4 $1 $17 32. Bxf4 Rd8) 32. Qg4 {[#]} (32. Qf3 $11 {keeps the balance.}) 32... exf4 $1 33. Bxf4 Be6 34. Qh5 Qxb4 35. Reb1 Rc5 ({Black should try} 35... Qc5 $15 36. Qxc5 Rxc5) 36. Qxf7+ (36. Qd1 $11 Qc3 37. Nd3 Rxa5 38. Rxa5 Qxa5 39. Nxc5 {[%mdl 64] Discovered Attack} Nxc5 40. Qxd4) 36... Kxf7 $15 37. Rxb4 Bc4 ({Better is} 37... g5 $15 38. Nd3 gxf4 39. Nxc5 Nxc5 40. Rxb5 Nxe4) 38. Rd1 (38. Nd3 $5) 38... Rxa5 {And now ...g5 would win.} 39. Rxd4 Ra1+ 40. Rd1 Rxd1+ 41. Nxd1 Be2 42. Ne3 Nf6 43. e5 Nd7 44. Kf2 Bc4 45. g4 (45. Nf5 $11) 45... g5 $17 ({But not} 45... Nxe5 $6 46. Bxe5 Rxe5 47. Nxc4 $11) 46. Bg3 Ke6 ({Don't play} 46... Nxe5 $6 47. Bxe5 Rxe5 48. Nxc4 $11) 47. Nxc4 bxc4 {[%mdl 4096] Endgame KRB-KRN} 48. Ke3 $2 {[%mdl 8192] This move loses the game for White.} (48. Ke2 $15) 48... c3 $19 {( -> ...c2)} 49. Rb1 Nxe5 50. Kd4 (50. Rc1 $142 Nc6 51. h3) 50... Rc4+ 51. Ke3 {If White can now play Rc1 this consolidates a bit.} Nxg4+ 52. Kd3 Rc6 53. Re1+ $2 (53. Rc1) 53... Kd5 {Black is clearly winning.} 54. Re2 h5 55. h4 (55. Rg2 $142) 55... gxh4 56. Bxh4 {[#]} c2 $1 {Weighted Error Value: White=0.65/Black=0.25} 0-1

[Event "VII Sunway Sitges Open 2020"]
[Site "Sitges"]
[Date "2020.12.23"]
[Round "10.1"]
[White "Moussard, Jules"]
[Black "Santos Latasa, Jaime"]
[Result "1/2-1/2"]
[WhiteElo "2626"]
[BlackElo "2600"]
[Annotator "TA"]
[PlyCount "38"]
[EventDate "2020.12.13"]
[EventType "swiss"]
[EventCountry "ESP"]
[SourceTitle "playchess.com"]
[Source "ChessBase"]
[SourceQuality "1"]

{[%evp 17,38,0,2,0,0,0,0,0,0,0,0,0,0,0,0,6,8,0,0,0,21,0,0]} 1. e4 e5 2. Nf3 Nc6 3. Bb5 a6 4. Ba4 Nf6 5. O-O Nxe4 6. d4 b5 7. Bb3 d5 8. dxe5 Be6 9. a4 b4 {The position is equal.} 10. Nbd2 {White wants to play Nxe4. C80: Open Ruy Lopez: Sidelines and 9 Nbd2.} Be7 11. Nxe4 dxe4 12. Bxe6 Qxd1 13. Rxd1 {[#] Black must now prevent Bd7+.} fxe6 14. Ng5 Bxg5 15. Bxg5 {[#]} Rf8 $5 $146 {[%mdl 8] An interesting novelty.} ({Predecessor:} 15... Nxe5 16. Re1 Nf7 17. Bf4 Nd6 18. Bxd6 cxd6 19. Rxe4 Kd7 20. Rxb4 Rab8 21. Rxb8 Rxb8 {1-0 (77) Droin,A (2313)-Kusa,J (2177) chess.com INT 2020}) 16. Bh4 Rg8 17. Bg5 Rf8 18. Bh4 Rg8 19. Bg5 Rf8 {An uneventful encounter.  Weighted Error Value: White=0.03/Black=0.00} 1/2-1/2

[Event "VII Sunway Sitges Open 2020"]
[Site "Sitges"]
[Date "2020.12.23"]
[Round "10.2"]
[White "Cornette, Matthieu"]
[Black "Cheparinov, Ivan"]
[Result "0-1"]
[WhiteElo "2558"]
[BlackElo "2688"]
[Annotator "TA"]
[PlyCount "82"]
[EventDate "2020.12.13"]
[EventType "swiss"]
[EventCountry "ESP"]
[SourceTitle "playchess.com"]
[Source "ChessBase"]
[SourceQuality "1"]

{[%evp 11,82,-1,0,-8,-8,-9,0,0,0,-8,0,8,23,29,25,0,4,0,12,11,13,-37,-35,-33,-27,-37,-22,-35,-17,-48,-33,-85,-73,-139,-132,-127,-64,-133,-129,-131,-133,-118,-133,-129,-119,-178,-178,-175,-189,-214,-216,-435,-421,-483,-467,-511,-511,-494,-496,-496,-493,-508,-515,-511,-497,-1965,-1666,-1954,-1855,-1638,-1721,-1988,-1705]} 1. e4 c5 2. Nc3 d6 3. f4 g6 4. Nf3 Bg7 5. Bc4 Nc6 6. O-O e6 7. d4 {is more profitable than 7.d3 at the moment. B23: Closed Sicilian: Lines without g3.} cxd4 8. Nb5 Nge7 9. Bb3 {[%cal Rf3d4] The position is equal.} O-O 10. Nbxd4 a6 11. c3 {[#]} Na5 $146 ({Predecessor:} 11... Nxd4 12. Nxd4 e5 13. Nf3 Qc7 14. fxe5 dxe5 15. Ng5 Qb6+ 16. Kh1 Be6 17. Nxe6 fxe6 18. Bg5 Rxf1+ 19. Qxf1 Re8 20. Rd1 h6 21. Bh4 Kh7 22. Qf7 {1-0 (22) Nepomniachtchi,I (2775)-Vachier Lagrave,M (2775) Paris 2019}) 12. Bc2 e5 13. Ne2 b5 14. Qe1 f5 15. fxe5 dxe5 16. exf5 Bxf5 17. Bxf5 Nxf5 ({Reject} 17... Rxf5 18. Ng3 $14) 18. Ng3 Qb6+ 19. Rf2 Nxg3 20. hxg3 Nc4 21. Qe4 (21. b3 $15 Nd6 22. Ba3) 21... Qc5 $17 22. g4 (22. a4 $142) 22... Rad8 {aiming for ...Rd1+.} 23. Bg5 Rd7 ({Black should try} 23... Bf6 $17 {Hoping for ...Bxg5.} 24. Qe1 Bxg5 25. Nxg5 Qb6) 24. b4 (24. Qe2 $15) 24... Qd5 $1 {[%cal Rd5e4]} 25. Re2 Qxe4 26. Rxe4 h6 27. Bh4 Rf4 $36 {[%mdl 2048] Black is in control.} 28. Rae1 {[#]} (28. Rxf4 $17 exf4 29. Be1) 28... Rxe4 $1 $19 29. Rxe4 Rd1+ 30. Kh2 {[#]} Kf7 $1 31. a4 $2 (31. Bf2 {was called for.}) 31... Nd6 {Black is clearly winning.} 32. Re2 e4 33. Nd4 bxa4 34. Rf2+ Ke8 35. Ra2 Nb5 36. Ne2 a3 37. c4 {[#]} Ra1 $1 38. cxb5 (38. Rd2 $142 a2 39. cxb5 Rh1+ {[%mdl 64] Decoy, Clearance, Promotion} 40. Kxh1 a1=Q+ 41. Kh2 Qe5+ 42. Bg3 Qxb5 43. Rc2) 38... Rxa2 39. bxa6 Rc2 {( -> ...a2)} ({Not} 39... Rxe2 $2 40. a7 $18) 40. a7 Rc8 41. b5 Kd7 {Weighted Error Value: White=0.55/Black=0.03} 0-1

[Event "VII Sunway Sitges Open 2020"]
[Site "Sitges"]
[Date "2020.12.23"]
[Round "10.3"]
[White "Grigoryan, Karen H."]
[Black "Dardha, Daniel"]
[Result "1/2-1/2"]
[WhiteElo "2659"]
[BlackElo "2487"]
[Annotator "TA"]
[PlyCount "120"]
[EventDate "2020.12.13"]
[EventType "swiss"]
[EventCountry "ESP"]
[SourceTitle "playchess.com"]
[Source "ChessBase"]
[SourceQuality "1"]

{[%evp 14,120,35,29,44,-6,-12,-18,0,0,8,11,18,-24,-10,-10,14,13,7,10,15,15,15,15,16,21,14,19,20,18,18,18,18,16,22,10,16,0,12,10,10,0,0,-3,0,0,0,-11,-10,-12,-6,-20,-17,-20,-9,-48,-35,-24,-21,-25,0,-22,0,0,0,0,0,0,8,8,9,3,3,3,3,3,8,8,8,8,10,11,16,0,0,0,0,0,0,0,0,0,8,8,8,0,0,0,0,0,0,0,0,0,0,0,0,0,80]} 1. d4 Nf6 2. c4 e6 3. Nc3 Bb4 4. Qc2 d5 5. cxd5 Qxd5 6. Nf3 Qf5 7. Qb3 c5 8. a3 Ba5 {E34: Nimzo-Indian: Classical: 4...d5.} 9. Bd2 (9. Qc4 $5 {[%cal Rb2b4]}) 9... O-O {[#]} 10. dxc5 $146 ({Predecessor:} 10. e3 Nc6 11. dxc5 Qxc5 12. Qc2 Bc7 13. b4 Qe7 14. Be2 Bd7 15. O-O Rac8 16. Qb2 {0-1 (75) Remlinger,L (2465)-Ashley,M (2460) New York 1995}) 10... Qxc5 11. Rc1 Ne4 12. e3 Rd8 13. Bc4 Nxd2 14. Nxd2 a6 15. Qc2 Qe7 ({Much worse is} 15... Rxd2 $6 16. Qxd2 Qxc4 17. b4 $16) 16. b4 Bc7 17. Bd3 h6 {[#]} 18. Nd5 $1 Rxd5 19. Qxc7 Qxc7 20. Rxc7 Nc6 21. Ke2 Rd7 22. Rxd7 Bxd7 23. Nc4 Rd8 24. Rb1 Kf8 25. a4 Ke7 26. b5 axb5 27. axb5 Na7 28. b6 Nc6 29. f4 f6 30. Nd2 Ra8 31. Rb2 g5 32. Nb3 gxf4 33. exf4 Ra3 {[#] And now ...Rxb3! would win.} 34. Kd2 Kd6 35. Be4 Ra6 36. Nc1 Kc5 37. Ke3 {The position is equal.} Nb4 38. Bxb7 Rxb6 39. Nb3+ Kc4 40. Nd2+ Kb5 41. Bf3 Bc6 42. Rb3 Bxf3 43. Kxf3 $11 {[%mdl 4096] Endgame KRN-KRN} ({Avoid the trap} 43. Nxf3 $2 Ka4 $19) 43... f5 44. Kg3 Kc5 45. Kh4 Ra6 46. g3 Ra2 47. Nf3 Nc6 {...Nd4 is the strong threat.} 48. Rd3 e5 {next ...e4 is good for Black.} 49. Rc3+ Kd5 50. fxe5 Nxe5 51. h3 Nxf3+ 52. Rxf3 {KR-KR} Ke6 53. Kh5 Rh2 54. h4 {Threatens to win with Kg6.} Rh3 55. Ra3 Kf7 56. Kxh6 {Strongly threatening Kg5.} f4 $1 57. Ra7+ Kf6 58. Ra6+ Kf5 59. Ra5+ Kf6 60. Ra6+ Ke5 {Weighted Error Value: White=0.05/Black=0.04} (60... Kf5 $11) 1/2-1/2

[Event "VII Sunway Sitges Open 2020"]
[Site "Sitges"]
[Date "2020.12.23"]
[Round "10.4"]
[White "Fier, Alexandr"]
[Black "Niemann, Hans Moke"]
[Result "1-0"]
[WhiteElo "2558"]
[BlackElo "2472"]
[Annotator "TA"]
[PlyCount "127"]
[EventDate "2020.12.13"]
[EventType "swiss"]
[EventCountry "ESP"]
[SourceTitle "playchess.com"]
[Source "ChessBase"]
[SourceQuality "1"]

{[%evp 25,127,22,12,1,10,7,14,18,37,21,33,24,22,16,54,16,31,9,17,0,0,0,0,0,0,-40,-35,-36,-17,-114,-107,-119,-99,-129,-117,-258,-256,-263,-258,-260,-255,-251,-253,-191,-162,-160,-159,-157,-137,-150,-130,-147,-115,-152,-81,-106,-64,-91,0,-8,0,0,0,0,54,0,0,0,55,56,56,55,56,56,56,48,55,56,45,45,45,0,63,0,54,0,0,0,0,0,0,0,0,0,0,0,29968,29969,29969,29971,29981,29981,29992,29993]} 1. e4 e5 2. Nf3 Nc6 3. Bb5 a6 4. Ba4 Nf6 5. O-O Be7 6. Re1 b5 7. Bb3 O-O 8. a4 Bb7 9. d3 d6 10. Nc3 Na5 11. Ba2 b4 12. Ne2 c5 13. Ng3 Bc8 14. c3 {C88: Closed Ruy Lopez: Anti-Marshall Systems.} Rb8 15. d4 cxd4 16. cxd4 {The position is equal.} b3 17. Bb1 {[#]} Bg4 $146 ({Predecessor:} 17... Qc7 18. Bd2 Nc6 19. d5 Nb4 20. Re3 Nc2 21. Rc3 Qb6 22. a5 Qb5 23. Bxc2 bxc2 24. Rxc2 Nxe4 25. Nxe4 {0-1 (55) Della Morte,P (2220)-Cervetto,E (2146) Villa Martelli 1999}) 18. dxe5 dxe5 19. h3 Be6 20. Nxe5 Bb4 21. Rf1 Bd6 22. Nd3 Bxg3 23. fxg3 Nxe4 24. Qe1 f5 25. Bf4 Rc8 26. Nf2 Nc5 {White must now prevent ...Bc4.} 27. Nd3 Bc4 $1 $17 {[%cal Rc4d3]} 28. Nxc5 {Hoping for Nd3.} Bxf1 29. Ne6 {[%mdl 64] Double Attack} Qd5 {[%csl Gf1][%cal Rd5g2]} 30. Kxf1 (30. Qxf1 $17 Qxe6 31. Kh2) 30... Rfe8 $19 (30... Rce8 31. Qd2 $19) 31. Qd2 Qxe6 32. Qxa5 Qe2+ {[%mdl 64] Double Attack} 33. Kg1 Qxb2 34. Qxf5 ({Wrong is} 34. Qd5+ $2 Kh8 $19) 34... Qd4+ ({Inferior is} 34... Qxa1 35. Qxh7+ Kf8 36. Bd6+ Kf7 37. Qf5+ Kg8 38. Qh7+ Kf7 39. Qf5+ Kg8 40. Qh7+ Kf7 $11) 35. Kh2 g6 ({Weaker is} 35... Qxa1 36. Qxh7+ Kf8 37. Bd6+ Kf7 38. Qf5+ Qf6 39. Qd5+ Re6 40. Qb7+ Re7 41. Bxe7 $16) 36. Qd3 Qxa1 37. Qxb3+ Kh8 38. Qb7 a5 39. h4 Qf6 ({Black should play} 39... Qd4 40. Ba2 Rcd8) 40. Bd3 Qg7 41. Qb6 Re1 (41... Qc3 $17 42. Be3 Red8) 42. Bg5 $11 Rf8 {Threatens to win with ...Qa1.} (42... Kg8 {seems wilder.} 43. Bc2 h6 44. Bd2 Re2 45. Bxg6 Qc7) 43. Bd2 Re7 (43... Ree8 {looks sharper.} 44. Qxa5 Rc8 45. Ba6 Rc7 46. Qb6 Qe5) 44. Qxa5 {aiming for Bc3.} Rc8 (44... Rc7 $11) 45. Qa6 ({Better is} 45. Ba6 $1 $14 Ra7 46. Qb6) 45... Rf8 (45... Rec7 {with more complications.} 46. Bf4 Rc6 47. Qb5 Re6 48. Bc1 Rxc1 49. Qb8+ Qg8) 46. Bb4 {And now Qc4 would win.} Rc7 (46... Rd8 $11) 47. Bxf8 $14 Qxf8 {[%mdl 4096] Endgame KQR-KQB} 48. Qb6 $1 {[%cal Rb6c7]} Qc5 49. Qf6+ Rg7 $1 50. Be4 Qe7 51. Qd4 Qd7 52. Qb4 Qe7 53. Qd4 Qa7 (53... Qd7 $11 54. Qa1 Qe6) 54. Qc4 (54. Qd8+ $1 $14 Rg8 55. Qf6+ Rg7 56. Bd5) 54... Rc7 (54... Qc7 $11 55. Qd4 Qd7) 55. Qd5 (55. Qe6 $14 Re7 56. Qf6+ Rg7 57. Bd5) 55... Qc5 $11 56. Qd8+ Kg7 57. Bd5 Qe7 $1 {[%cal Re7d8]} 58. Qb8 Ra7 59. Qb5 (59. Kh3 {is interesting.} Rd7 60. Qg8+ Kf6 61. Qh8+ Qg7 62. Qa8) 59... Qd8 60. Bb3 Qd2 $2 {[%mdl 8192]} (60... Re7 $11) 61. Qe5+ $1 {White mates.} Kh6 62. g4 $1 Rd7 {[#]} 63. Bc4 $1 Qf2 {[#]} 64. Kh3 $1 {Never resign too early!  Weighted Error Value: White=0.15/Black=0.29} 1-0

[Event "VII Sunway Sitges Open 2020"]
[Site "Sitges"]
[Date "2020.12.23"]
[Round "10.5"]
[White "Sochacki, Christophe"]
[Black "Nevednichy, Vladislav"]
[Result "0-1"]
[WhiteElo "2469"]
[BlackElo "2546"]
[Annotator "TA"]
[PlyCount "162"]
[EventDate "2020.12.13"]
[EventType "swiss"]
[EventCountry "ESP"]
[SourceTitle "playchess.com"]
[Source "ChessBase"]
[SourceQuality "1"]

{[%evp 17,162,31,28,25,55,60,42,24,26,26,25,19,15,27,25,29,89,87,147,0,0,0,0,0,0,-187,-188,-189,-180,-168,-172,-168,-176,-173,-180,-180,-172,-189,-143,-216,-214,-236,-239,-294,-267,-400,-219,-309,-310,-320,-280,-319,-253,-327,-250,-1047,-1012,-758,0,-532,-212,-212,-210,-211,-170,-202,-205,-197,-198,-185,-172,-204,-186,-254,-202,-293,-291,-395,-393,-352,-332,-280,-187,-311,-291,-278,-224,-222,-218,-386,-398,-398,-398,-391,-394,-384,-385,-383,-383,-354,-310,-302,-303,-297,-287,-564,-541,-29959,-29961,-29974,-29974,-29975,-29976,-29976,-29977,-29977,-29976,-29976,-29977,-29976,-29966,-29968,-29969,-29964,-29937,-29977,-29977,-29975,-29978,-29977,-29978,-29978,-29979,-29979,-29979,-29979,-29980,-29982,-29983,-29983,-29984,-29986,-29984,-29990,-29991,-29991,-29992]} 1. e4 c5 2. Nf3 e6 3. d4 cxd4 4. Nxd4 a6 5. Nc3 Qc7 6. a3 Nc6 7. Be3 Nf6 8. f4 d6 9. Qf3 Be7 10. Bd3 {B82: Sicilian Scheveningen: 6 f4.} Nxd4 11. Bxd4 O-O 12. O-O {White is slightly better.} e5 13. Be3 exf4 14. Qxf4 Be6 15. Nd5 Bxd5 16. exd5 {[#] Strongly threatening Qh4.} Rae8 $5 $146 {[%mdl 8] New and interesting.} (16... g6 $11 {keeps the balance.}) ({Predecessor:} 16... g6 17. Bd4 Nd7 18. Qh6 Ne5 19. Rae1 f6 20. h4 Rf7 21. Qf4 Raf8 22. h5 f5 23. Rxe5 dxe5 24. Bxe5 {½-½ (41) Morozevich,A (2656)-Chigaev,M (2606) Khanty-Mansiysk 2018}) 17. Bd4 $16 Nd7 {[#]} (17... Nh5 $142 18. Qf3 g6) 18. Bxh7+ Kxh7 $11 19. Bxg7 Kxg7 20. Qg4+ Kh8 21. Rf3 $2 {[#] Black converts the advantage convincingly.} (21. Qh5+ $11 Kg7 22. Qg4+ Kh8 23. Qh5+ Kg8 24. Qg4+ Kh8) 21... Nf6 $1 $19 {[%cal Rf6g4]} 22. Rh3+ Nh7 23. Qf5 {[%csl Gh3][%cal Rf5h7] [#]} Bh4 $1 24. Rxh4 {[%csl Gh4][%cal Rf5h7]} f6 25. Rf1 Re5 26. Qd3 Rf7 27. b4 Qe7 28. Rf3 (28. c4 $17) 28... Rg7 29. g3 Kg8 30. Rc4 Qd7 31. Qc3 (31. Rf1 $142) 31... Re8 (31... Ng5 $142 32. Rf1 Ne4) 32. Re3 (32. Rf1 {keeps fighting.}) 32... Rge7 33. Rxe7 Rxe7 ({Resist} 33... Qxe7 34. h4 $19) 34. Qf3 Re5 35. h4 Qh3 {( -> ...Re1+)} 36. Kf2 (36. Qg4+ Qxg4 37. Rxg4+ Kf7 38. Rc4) 36... Qh2+ 37. Kf1 Qh3+ 38. Kf2 {If White can now play Qg4+ this consolidates a bit.} Rf5 $2 (38... f5 39. Rc8+ Nf8) 39. Rf4 Qh2+ 40. Ke3 Rxf4 41. Qxf4 Qg1+ 42. Ke4 Qh1+ 43. Kd4 Qd1+ 44. Kc3 Qxd5 45. Qg4+ (45. Qc4 {was called for.} Qf7 46. Qg4+ Kh8 47. Qc8+ Nf8 48. Kb2) 45... Kh8 46. Qc8+ (46. Qc4 {is a better defense.} Qe5+ {[%mdl 64] Double Attack} 47. Kd2) 46... Kg7 47. Qg4+ Kh6 48. Qf4+ {[#]} Kh5 $1 49. g4+ Kg6 50. Qd4 (50. Qc4 $142 Qe5+ 51. Kb3) 50... Qe5 51. Kd3 d5 {aiming for ...Qg3+.} 52. c4 Qg3+ 53. Kd2 $2 (53. Kc2) 53... dxc4 54. Qxc4 Qxh4 55. Qe4+ Kh6 56. Qxb7 Qf2+ 57. Kc3 {intending Qh1+.} Qe3+ 58. Kc2 Qe2+ ({Weaker is} 58... Qxa3 59. Qh1+ Kg7 60. Qb7+ Kh6 61. Qh1+ Kg6 62. Qe4+ Kg5 63. Qxh7 $17) 59. Kc3 Ng5 {Hoping for ...Ne4+.} ({Much less strong is} 59... Qxg4 60. Qxa6 Qf4 61. Qd3 $19) 60. Qh1+ Kg7 61. a4 $2 (61. Qd5 {might work better.}) 61... Nf3 62. b5 a5 {Black mates.} 63. b6 Qd2+ 64. Kb3 Qb4+ 65. Ka2 Qxa4+ 66. Kb2 Qb4+ 67. Ka2 Qc4+ 68. Kb2 Qd4+ 69. Ka2 Qd5+ 70. Ka1 a4 71. g5 Qd4+ {[%mdl 64] Double Attack} 72. Ka2 Qc4+ 73. Ka1 Qc3+ 74. Ka2 Qb3+ 75. Ka1 Qa3+ 76. Kb1 fxg5 77. Qg2 Qb4+ 78. Kc1 Qc3+ 79. Kd1 a3 80. Qa2 Qd3+ 81. Kc1 Nd4 {Weighted Error Value: White=0.47/Black=0.27} 0-1

[Event "VII Sunway Sitges Open 2020"]
[Site "Sitges"]
[Date "2020.12.23"]
[Round "10.6"]
[White "Mendonca, Leon Luke"]
[Black "Checa, Nicolas"]
[Result "1/2-1/2"]
[WhiteElo "2516"]
[BlackElo "2527"]
[Annotator "TA"]
[PlyCount "33"]
[EventDate "2020.12.13"]
[EventType "swiss"]
[EventCountry "ESP"]
[SourceTitle "playchess.com"]
[Source "ChessBase"]
[SourceQuality "1"]

{[%evp 13,33,23,31,23,18,18,23,24,34,30,43,0,0,-14,0,0,0,0,0,-26,0,0]} 1. d4 d5 2. c4 c6 3. Nf3 Nf6 4. Nc3 a6 5. c5 Nbd7 6. Bf4 Nh5 7. Bd2 g6 8. e4 {D15: Slav Defence: 4 Nc3 a6 and gambit lines after 4 Nc3 dxc4.} dxe4 9. Nxe4 {next Qe2 is good for White.} Ndf6 10. Nc3 {White has an edge.} Be6 11. Be2 {[#]} Qc7 $1 $146 {[%mdl 8] A relevant novelty.} ({Predecessor:} 11... Bd5 12. O-O Ng7 13. Bf4 Ne6 14. Be5 Bg7 15. Nxd5 Nxd5 16. Bxg7 Nxg7 17. Bc4 e6 {0-1 (78) Bagaturov,G (2399)-Volkov,S (2589) Malatya 2015}) 12. Ne5 Rd8 13. Be3 Ng7 $1 14. Bf4 {[#] And now Nxg6! would win.} Ngh5 15. Be3 Ng7 16. Bf4 {Black must now prevent Nxg6!} Ngh5 17. Be3 {Weighted Error Value: White=0.07/Black=0.04} 1/2-1/2